• 首页
  • 本馆介绍
  • 公告通知
  • 最新文献
  • 馆藏检索
  • 电子资源
  • 读者荐购
  • 参考咨询
  • CALIS
  • 我的图书馆
  • 登录
  • 详细信息显示
  • 放入我的书架
  • 预约/预借图书
  • 作者相关作品
  • 分类相关作品
  • 丛书相关作品
  • 出版社相关作品

书目信息

  • 表格格式
  • 工作单格式
  • 卡片格式
题名:
陡山沱期生物群
    
 
作者: 袁训来 , 肖书海 , 尹磊明 著
分册:  
出版信息: 合肥   中国科学技术大学出版社  2002.07
页数: 171页, [1] 叶图版
开本: 29cm
丛书名:
单 册:
中图分类: Q911.61
科图分类:
主题词: 前寒武纪--qian han wu ji--古生物--生物群--化石--研究--中国
电子资源:
ISBN: 7-312-01399-6
 
 
 
 
 
000 01229nam0 2200289 45
001 012006718530
005 20070612094654.43
010    @a7-312-01399-6@dCNY198.00
100    @a20061213d2002 km y0chiy0120 ea
101 0  @achi
102    @aCN@b340000
105    @aacf a 001yy
200 1  @a陡山沱期生物群@Adou shan tuo qi sheng wu qun@e早期动物辐射前夕的生命@d= Doushantuo fossils@elife on the eve of animal radiation@f袁训来 … [等]@Fyuan xun lai…[deng]@zeng
210    @a合肥@c中国科学技术大学出版社@d2002.07
215    @a171页, [1] 叶图版@c彩图, 肖像@d29cm
304    @a其它责任者: 肖书海, 尹磊明, 安德鲁·诺尔, 周传明, 穆西南
320    @a有书目 (第135-149页) 和索引。
330    @a本书共有三章:地球生命的起源和早期演化、陡山沱期化石生物学、陡山沱期多细胞生物分异及其环境背景。
510 1  @aDoushantuo fossils@elife on the eve of animal radiation@zeng
517 1  @a早期动物辐射前夕的生命@Azao qi dong wu fu she qian xi de sheng ming
606 0  @a前寒武纪@Aqian han wu ji@x古生物@x生物群@x化石@x研究@y中国
690    @aQ911.61@v4
701  0 @a袁训来@Ayuan xun lai@4著
701  0 @a肖书海@Axiao shu hai@4著
701  0 @a尹磊明@Ayin lei ming@4著
801  0 @aCN@c20070612
905    @a10447@dQ911.61@eY913
    
    陡山沱期生物群:早期动物辐射前夕的生命= Doushantuo fossils:life on the eve of animal radiation/袁训来 … [等].-合肥:中国科学技术大学出版社,2002.07
    171页, [1] 叶图版:彩图, 肖像;29cm
    
    
    ISBN 7-312-01399-6:CNY198.00
    本书共有三章:地球生命的起源和早期演化、陡山沱期化石生物学、陡山沱期多细胞生物分异及其环境背景。
●
相关链接 在E读中查询图书 在当当中查询图书 在豆瓣中查询图书


正题名:陡山沱期生物群     索取号:Q911.61/Y913         预约/预借

序号 登录号 条形码 馆藏地/架位号 状态 备注
1 230453   202304531   自科库401/401自科库 32排4列5层/ [索取号:Q911.61/Y913] 在馆    
河南城建学院图书馆 欢迎您!
大连网信软件有限公司© 版权所有